| 000 -LEADER | |
|---|---|
| fixed length control field | 00403nam a22001697a 4500 |
| 005 - DATE AND TIME OF LATEST TRANSACTION | |
| control field | 20210908130647.0 |
| 008 - FIXED-LENGTH DATA ELEMENTS--GENERAL INFORMATION | |
| fixed length control field | 160701b xxu||||| |||| 00| 0 eng d |
| 020 ## - INTERNATIONAL STANDARD BOOK NUMBER | |
| ISBN | 978-81-8360-211-2 |
| 041 ## - LANGUAGE CODE | |
| Language code of text/sound track or separate title | eng |
| 082 ## - DEWEY DECIMAL CLASSIFICATION NUMBER | |
| Item number | 20347 |
| 100 ## - MAIN ENTRY--AUTHOR NAME | |
| Personal name | Vyas AK & Rishi Dey |
| 245 ## - TITLE STATEMENT | |
| Title | An introduction to agriculture |
| 260 ## - PUBLICATION, DISTRIBUTION, ETC. (IMPRINT) | |
| Name of publisher | Jain Brothers |
| 300 ## - PHYSICAL DESCRIPTION | |
| Number of Pages | 629 |
| 650 ## - SUBJECT ADDED ENTRY--TOPICAL TERM | |
| Topical Term | Agriculture |
| 942 ## - ADDED ENTRY ELEMENTS (KOHA) | |
| Koha item type | Books |
| Lost status | Damaged status | Collection code | Home library | Current library | Shelving location | Date acquired | Source of acquisition | Cost, normal purchase price | Full call number | Accession Number | Koha item type |
|---|---|---|---|---|---|---|---|---|---|---|---|
| Reference | JRU Library | JRU Library | SHELF-2-C | 01/07/2016 | PURCHASE | 375.00 | 630 | 20347 | Books | ||
| AGRICULTURE | JRU Library | JRU Library | SHELF-46-I | 01/07/2016 | 375.00 | 20347 | 20348 | Books | |||
| AGRICULTURE | JRU Library | JRU Library | SHELF-46-I | 01/07/2016 | 375.00 | 20347 | 20349 | Books | |||
| AGRICULTURE | JRU Library | JRU Library | SHELF-46-I | 01/07/2016 | 375.00 | 20347 | 20350 | Books | |||
| AGRICULTURE | JRU Library | JRU Library | SHELF-46-I | 01/07/2016 | 375.00 | 20347 | 20351 | Books |